000 01935nam a22003977i 4500
003 Uk
005 20250804143027.0
006 m || d |
007 cr |||||||||||
008 250804s2025 enk|||||ou ||| ||eng
020 _z9780539228823
040 _aUk
041 _aeng
082 0 4 _a602.1841
110 2 _aBritish Standards Institution,
_eauthor.
245 1 0 _aFire risk assessment. Housing. Code of practice.
_bBS 9792:2025
_h[Online publication]
260 _aLondon,
_bBritish Standards Institution,
_c1 August 2025
336 _atext
_2rdacontent
337 _acomputer
_2rdamedia
338 _aonline resource
_2rdacarrier
500 _aIf dealing with External Wall Assessments should be read in conjunction with PAS 9980:2022
520 _aBS 9792:2025 is a British Standard that provides recommendations and example documentation for conducting and recording fire risk assessments (FRAs) in housing premises. It offers a structured and risk-proportionate methodology for assessing fire risks in residential settings, aiming to determine the necessary fire prevention and protection measures to safeguard occupants and those in the immediate vicinity. It does include vacant housing premises, and while it addresses external wall risks, it excludes specialist external wall assessments (handled via PAS 9980).
520 _aUse in conjunction with BS 9792:2005 ISBN 9780539228823
650 7 _aBUILDING SAFETY
650 7 _aFIRE PREVENTION
650 7 _aFIRE SAFETY
651 _aUnited Kingdom
690 _96223
_aBuilding materials & defects
690 _96308
_aCladding
710 _aBritish Standards Institution
856 _uhttps://knowledge.bsigroup.com/products/fire-risk-assessment-housing-code-of-practice
_zAvailable to BSi licence holders
903 _aELD.DS.661160
942 _n0
999 _c122203
_d122203